[Event "POL-ch sf"]
[Site "Polanczyk"]
[Date "2000.11.05"]
[Round "2"]
[White "Markunas, Grzegorz"]
[Black "Kuzmicz, Krystian"]
[Result "0-1"]
[WhiteElo "2074"]
[BlackElo "2140"]
[PlyCount "70"]
[EventDate "2000.11.04"]
[EventType "swiss"]
[EventRounds "9"]
[EventCountry "POL"]
[SourceTitle "CBM 079 Extra"]
[Source "ChessBase"]
[SourceDate "2001.01.11"]
[SourceVersion "2"]
[SourceVersionDate "2001.01.25"]
[SourceQuality "1"]

1. c4 g6 2. Nc3 c5 3. Nf3 Bg7 4. d4 cxd4 5. Nxd4 Nc6 6. e3 Nf6 7. Be2 0-0 8. 0-0 Nxd4 9. exd4 d5 10. Bg5 dxc4 11. Bxc4 Bf5 12. Re1 Rc8 13. Bb3 Re8 14. Qd2 a6 15. Rad1 b5 16. a3 Qb6 17. h3 h5 18. Qf4 Qd6 19. Qf3 b4 20. Bf4 Qb6 21. Na4 Qc6 22. Qxc6 Rxc6 23. Nc5 Rcc8 24. axb4 e6 25. Be5 Red8 26. Ra1 Nd5 27. Nb7 Rd7 28. Nd6 Rcd8 29. Bxd5 Rxd6 30. Bxd6 Rxd6 31. Bf3 Rxd4 32. Rxa6 Rxb4 33. Ra8+ Kh7 34. Ra7 Kg8 35. Rd1 Rb8 0-1